000 01123njm a2200313Ia 4500
001 27251
003 IT-RoPAU
005 20220918181141.0
008 131025s9999 xx 000 0 und d
040 _aIT-RoPAU
040 _cIT-RoPAU
041 _aINGLESE
999 _c101205
_d101205
999 _bn.d.
100 _aBeggs N.
_917474
100 _eAutore musica
_917475
100 _gCodice autore musica SPICS: 28189
_917476
245 _aCrazy Peoples Right To Speak
250 _a1a ed.
260 _aENGLAND
260 _bEMI RECORDS
_c1985 [1a Ed.:1985 - Ed. Lingua Orig.: 1985]
300 _aDISCO
500 _aMusica pop
505 _aDo I - Shouldn't Do That - Rivers - Sit Down and Shut Up - Afraid of You - Jigsaw - Fear of Falling - You Really Take Me Breath Away - Charm of A Gun - Your Appetite
650 _aPOP [DISCHI]
_eCodice MATERIA SPICS: 9950
_91001
700 _aAskew S.
_eAutore testo e musica
_gCodice autore testo/musica SPICS: 28190
_917477
700 _aKaja
_gCodice interprete SPICS: 13093
_eInterprete
_917478
700 _aNeale Stephen
_eAutore
_gCodice autore SPICS: 7108
_917479
942 _cMD
_2ddc